| 000 | 00485nam a2200109Ia 4500 | ||
|---|---|---|---|
| 008 | 160909s9999 xx 000 0 und d | ||
| 100 | _aWolverton, Cheryl Lynn | ||
| 245 | _aStaff nurse perceptions' of nurse manager caring behaviors: Psychometric testing of the Caring Assessment Tool-Administration (CAT-adm<sup>©</sup>) | ||
| 260 |
_bIndiana University - Purdue University Indianapolis _c2016 |
||
| 650 | _aNursing | ||
| 856 | _uhttp://pqdtopen.proquest.com/doc/1802063063.html?FMT=ABS | ||
| 999 |
_c303881 _d303881 |
||